000 00263nam a2200097Ia 4500
001 787038
005 20250826170332.0
008 250824s9999 xx 000 0 und d
245 0 _aLİSELİYİM DELİKANLIYIM
_cAHMET MAHİR PEKŞEN
260 _bGENÇ TİMAŞ YAYINLARI
999 _c787038
_d787038